| 000 | 00884nam a2200241Ia 4500 | ||
|---|---|---|---|
| 003 | GCL | ||
| 008 | 140319s9999 xx 000 0 ara d | ||
| 020 | _a0561345977 | ||
| 040 |
_aGCL / _cGCL |
||
| 082 | 0 | 4 |
_a375.006 _bأ ك |
| 100 | 1 | _aخالد العامرى | |
| 245 | 1 | 0 |
_aكيف يوظف المدرسون تكنولوجيا المعلومات والاتصالات فى شرح المناهج الدراسية / _cخالد العامرى |
| 700 | 1 | _aاجر، ريتشارد | |
| 250 | _aالاولى | ||
| 260 |
_aالقاهرة : _bدار الفاروق للنشر والتوزيع ، _c2004 |
||
| 300 |
_a128 ص ؛ _c24 سم |
||
| 490 |
_aسلسلة تطوير التعليم _v0 |
||
| 650 | 0 | 4 | _aالتعليم - مناهج |
| 650 | 0 | 4 | _aالمناهج - تخطيط |
| 650 | 0 | 4 | _aالمدارس - مناهج |
| 650 | 0 | 4 | _aالمناهج - تطوير |
| 942 |
_2ddc _cBK |
||
| 999 |
_c7222 _d7222 |
||